| 000 | 01240nam a2200349 a 4500 | ||
|---|---|---|---|
| 001 | 58944 | ||
| 003 | BD-RjUL | ||
| 005 | 20211209080656.0 | ||
| 008 | 161220s1984 ilua b 001 0 eng | ||
| 020 | _a025602961X | ||
| 035 | _a(BD-RjUL)59068 | ||
| 040 |
_aDLC _cDLC _dBD-RjUL _beng |
||
| 041 | _aeng | ||
| 082 | 0 | 0 |
_223 _a658.15 _bANM 1984 |
| 100 | 1 |
_aAnthony, Robert N. _q(Robert Newton), _d1916-2006. _9175271 |
|
| 245 | 1 | 0 |
_aManagement control systems / _cRobert N. Anthony, John Dearden, Norton M. Bedford. |
| 250 | _a5th ed. | ||
| 260 |
_aHomewood, Ill. : _bR.D. Irwin, _c1984. |
||
| 300 |
_axiii, 853 p. : _bill. ; _c24 cm. |
||
| 504 | _aIncludes bibliographies and index. | ||
| 650 | 0 |
_aIndustrial management. _9171014 |
|
| 650 | 0 |
_aManagerial accounting _9231735 |
|
| 650 | 0 |
_aIndustrial management _vCase studies. _9175223 |
|
| 650 | 0 |
_aCost control. _9175273 |
|
| 650 | 0 |
_aCost control _vCase studies. _9175274 |
|
| 700 | 1 |
_aDearden, John, _d1919-2004. _9231736 |
|
| 700 | 1 |
_aBedford, Norton M. _9231737 |
|
| 830 |
_aThe Robert N. Anthony/Willard J. Graham series in accounting _9231734 |
||
| 942 |
_2ddc _cBK |
||
| 999 |
_c58944 _d58944 |
||